000 00246nam a22000977a 4500
999 _c515198
_d515198
082 _aTNC A6x5125 K743
100 _aKnight, Bill
_920413
245 _aHong Kong 1985
_cBill,Knight
260 _aHong Kong
_bHong Kong Government
_c1985
300 _a358p.